[Event "IX-E-2-A-R9-J3"]
[Site "http://www.queenalice.com/game.php?id=1290496"]
[Date "2014.6.25"]
[Round "-"]
[White "kalabric"]
[Black "Newcobos"]
[Result "0-1"]
[WhiteElo "1957"]
[BlackElo "2179"]

1. e4 c5 2. Bc4 e6 3. Nc3 Nc6 4. Nf3 a6 5. d3 b5 6. Bb3 Nge7 7. Be3 Ng6 8. O-O
Be7 9. Qd2 O-O 10. Ng5 h6 11. Nf3 Bb7 12. a3 Na5 13. Ba2 d5 14. exd5 exd5 15.
Bxd5 b4 16. Bxb7 bxc3 17. Qxc3 Nxb7 18. b4 cxb4 19. axb4 Bf6 20. Bd4 Bxd4 21.
Nxd4 Nd6 22. Ra5 Nb7 23. Ra4 a5 24. b5 Rc8 25. Qb2 Nf4 26. Nc6 Qg5 27. g3 Ne2+
28. Kh1 Qh5 29. Ne7+ Kh8 30. Nxc8 Qf3# 0-1

[Event "X-E-1-1-R3-J1"]
[Site "http://www.queenalice.com/game.php?id=1324188"]
[Date "2014.11.25"]
[Round "-"]
[White "Newcobos"]
[Black "kalabric"]
[Result "1-0"]
[WhiteElo "2241"]
[BlackElo "1890"]

1. e4 e5 2. Nf3 Nc6 3. Bb5 Bd6 4. Nc3 Nf6 5. d3 a6 6. Ba4 Bc5 7. O-O O-O 8. h3
d6 9. Bg5 h6 10. Be3 Nd4 11. Bxd4 exd4 12. Ne2 Bb6 13. Nexd4 Bd7 14. c3 Bxd4 15.
Nxd4 c5 16. Ne2 b5 17. Bc2 Re8 18. Ng3 d5 19. exd5 Nxd5 20. Ne4 Qc7 21. Re1 Rab8
22. d4 c4 23. Nc5 Rxe1+ 24. Qxe1 Re8 25. Qd2 a5 26. Re1 Rxe1+ 27. Qxe1 b4 28.
Be4 Nf6 29. cxb4 axb4 30. Qxb4 Nxe4 31. Nxe4 Be6 32. Nc5 Bd5 33. Qd2 Qa7 34. a4
Qb6 35. a5 Qg6 36. f3 Bxf3 37. d5 Bxg2 38. Qxg2 Qd6 39. Ne4 Qb8 40. d6 Kf8 41.
Qd2 Ke8 42. d7+ Kd8 43. Nd6 Qa7+ 44. Kf1 Qxd7 45. Nxf7+ Ke8 46. Qxd7+ Kxd7 47.
Ne5+ Kc7 48. Nxc4 Kb7 49. b4 g5 50. Nd6+ Ka6 51. Nf7 Kb5 52. Nxh6 Kxb4 53. a6
Kb5 54. a7 Kb6 55. a8=Q Kc5 56. Qe4 Kb5 57. Qd4 Kc6 58. Qe5 Kb6 59. Qd5 Kc7 60.
Qe6 Kb7 61. Qd6 Kc8 62. Qe7 Kb8 63. Nf5 Ka8 64. Nd6 g4 65. Qb7# 1-0

[Event "X-E-1-1-R4-J3"]
[Site "http://www.queenalice.com/game.php?id=1324189"]
[Date "2014.11.25"]
[Round "-"]
[White "kalabric"]
[Black "ReiNato"]
[Result "1-0"]
[WhiteElo "1950"]
[BlackElo "1671"]

1. e4 d6 2. Nf3 Nf6 3. Nc3 e6 4. Bc4 Be7 5. d4 O-O 6. Bg5 Nbd7 7. e5 Nd5 8. Bxe7
Qxe7 9. Bxd5 exd5 10. Nxd5 c6 11. Nxe7+ 1-0

[Event "X-E-1-1-R5-J2"]
[Site "http://www.queenalice.com/game.php?id=1324190"]
[Date "2014.11.25"]
[Round "-"]
[White "Jokerman2011"]
[Black "kalabric"]
[Result "0-1"]
[WhiteElo "1108"]
[BlackElo "1925"]

1. e3 e5 2. g3 Nf6 3. Nh3 d5 4. b3 Nc6 5. Nc3 Bc5 6. Na4 b6 7. c3 O-O 8. f3 Re8
9. b4 Bd6 10. b5 Na5 11. Ng5 h6 12. Nh3 d4 13. exd4 exd4+ 14. Be2 d3 15. Nf4
Bxf4 16. O-O dxe2 17. Qe1 exf1=Q+ 18. Qxf1 Bxd2 19. Bb2 Nc4 20. f4 Nxb2 21. Qg2
Nxa4 22. Rd1 Be3+ 23. Kh1 Qxd1+ 24. Qg1 Qxg1# 0-1

[Event "X-E-1-1-R6-J2"]
[Site "http://www.queenalice.com/game.php?id=1333222"]
[Date "2015.1.6"]
[Round "-"]
[White "kalabric"]
[Black "fflores"]
[Result "0-1"]
[WhiteElo "1953"]
[BlackElo "1665"]

1. e4 e5 2. Nf3 d6 3. Nc3 Nf6 4. Bc4 Be7 5. d3 O-O 6. Nd5 Nxd5 7. Bxd5 c6 8. Bb3
Bg4 9. O-O Bxf3 10. Qxf3 Bg5 11. Qg3 Bxc1 12. Raxc1 Na6 13. a3 g6 14. f4 Nc5 15.
Ba2 Qb6 16. Qe1 Nxd3+ 0-1

[Event "X-E-1-1-R8-J1"]
[Site "http://www.queenalice.com/game.php?id=1338954"]
[Date "2015.2.3"]
[Round "-"]
[White "kalabric"]
[Black "marreta7"]
[Result "1-0"]
[WhiteElo "1897"]
[BlackElo "1516"]

1. e4 e5 2. Nf3 Nc6 3. Nc3 Bb4 4. Bc4 Bxc3 5. dxc3 h6 6. O-O a6 7. b4 d6 8. a4
Nf6 9. Re1 Bd7 10. Bb3 O-O 11. Ba3 Re8 12. c4 Bg4 13. h3 Bxf3 14. Qxf3 Nd4 15.
Qd3 Nxb3 16. cxb3 Nh5 17. Bc1 Qf6 18. c5 b6 19. Be3 bxc5 20. bxc5 dxc5 21. Bxc5
Nf4 22. Qg3 a5 23. Re3 Ne6 24. Rc1 Nxc5 25. Rxc5 c6 26. Rec3 Re6 27. Qd3 g5 28.
Qg3 Qf4 29. Qd3 g4 30. hxg4 Qxg4 31. Rxc6 Rxc6 32. Rxc6 Rc8 33. f3 Rxc6 34. fxg4
Rc1+ 35. Kh2 Kg7 36. Qd5 f6 37. Qxa5 Kg6 38. Qd2 Rc6 39. a5 h5 40. gxh5+ Kxh5
41. a6 1-0

[Event "X-E-1-1-R9-J4"]
[Site "http://www.queenalice.com/game.php?id=1353742"]
[Date "2015.4.15"]
[Round "-"]
[White "ebelote"]
[Black "kalabric"]
[Result "0-1"]
[WhiteElo "1685"]
[BlackElo "1899"]

1. e4 e5 2. Nf3 Nc6 3. d4 f6 4. Nc3 exd4 5. Nxd4 Bc5 6. Nxc6 dxc6 7. Qxd8+ Kxd8
8. Bf4 Be6 9. O-O-O+ Ke8 10. f3 Bb6 11. b3 Rd8 12. g4 Rxd1+ 13. Nxd1 Ne7 14. h4
h5 15. g5 fxg5 16. Bxg5 Ng6 17. Nc3 Rf8 18. Bg2 Bc5 19. Rd1 Be7 20. Bxe7 Kxe7
21. Ne2 Nxh4 22. Bh1 Nxf3 23. Bxf3 Rxf3 24. Nd4 Rf4 25. Rg1 Bg4 26. Kd2 Rxe4 27.
Kd3 Re5 28. a4 g5 29. b4 h4 0-1

[Event "X-E-1-1-R18-J4"]
[Site "http://www.queenalice.com/game.php?id=1366495"]
[Date "2015.6.19"]
[Round "-"]
[White "kalabric"]
[Black "ebelote"]
[Result "0-1"]
[WhiteElo "1914"]
[BlackElo "1722"]

1. e4 e5 2. Nf3 Nc6 3. Nc3 Nf6 4. Bc4 Bc5 5. O-O a6 6. d3 b5 7. Bb3 O-O 8. Be3
Bxe3 9. fxe3 Ng4 10. Nd5 Nb4 11. Nxb4 Nxe3 12. Qe2 Nxf1 13. Kxf1 c6 14. Qf2 a5
15. Nxc6 dxc6 16. a3 Be6 17. Nxe5 Bxb3 18. cxb3 Ra6 19. Kg1 f6 20. Ng4 Qxd3 21.
Qf3 Qd4+ 22. Nf2 Qxb2 23. Qd1 f5 24. Qc1 Qd4 25. Qd1 c5 26. Qxd4 cxd4 27. e5 Rc6
28. b4 axb4 29. axb4 Rd8 30. Nd3 Rc3 31. Rd1 Kf7 32. Kf2 Ke6 33. h3 g5 34. g4
fxg4 35. hxg4 Re8 36. Kf3 Kd5 0-1

[Event "X-E-1-1-R17-J1"]
[Site "http://www.queenalice.com/game.php?id=1366496"]
[Date "2015.6.19"]
[Round "-"]
[White "marreta7"]
[Black "kalabric"]
[Result "0-1"]
[WhiteElo "1534"]
[BlackElo "1912"]

1. e4 e5 2. Bc4 Nc6 3. a3 Bc5 4. d3 Nf6 5. h3 d6 6. Nf3 O-O 7. O-O Nd4 8. b4
Nxf3+ 9. Qxf3 Bb6 10. Re1 Qe8 11. Bg5 Be6 12. Bxe6 fxe6 13. Bxf6 Rxf6 14. Qe2
Bxf2+ 15. Kh1 Bxe1 16. Qxe1 Qc6 17. c4 Raf8 18. Qh4 d5 19. Nd2 Qd7 20. Nf3 dxc4
21. Ng5 h6 22. Nf3 cxd3 23. Nxe5 Qd6 24. Nc4 Rf1+ 25. Rxf1 Rxf1# 0-1

[Event "X-E-1-1-R15-J2"]
[Site "http://www.queenalice.com/game.php?id=1372790"]
[Date "2015.7.22"]
[Round "-"]
[White "fflores"]
[Black "kalabric"]
[Result "0-1"]
[WhiteElo "1758"]
[BlackElo "1891"]

1. e4 e5 2. Nf3 Nc6 3. d4 exd4 4. Nxd4 Bc5 5. Nxc6 bxc6 6. Bc4 Nf6 7. f3 O-O 8.
e5 Nd5 9. Bxd5 Re8 10. f4 Ba6 11. Bxc6 dxc6 12. Qxd8 Raxd8 13. Bd2 f6 14. Bc3
Bd4 15. Nd2 fxe5 16. O-O-O Bxc3 17. Ne4 Bxb2+ 18. Kxb2 Rxd1 19. Rxd1 exf4 20.
Nc5 Bb5 21. Rd2 Kf7 22. Rf2 g5 23. g3 Re5 24. Nb3 Re2 25. Rxe2 Bxe2 26. Kc1 f3
27. Kd2 g4 28. Ke1 h5 29. Nd4 Bb5 30. Kf2 Kf6 31. Nxb5 cxb5 32. a3 c5 33. c3 a5
34. Ke3 Ke5 35. h3 b4 36. a4 b3 0-1

[Event "X-E-1-1-R12-J1"]
[Site "http://www.queenalice.com/game.php?id=1376146"]
[Date "2015.8.7"]
[Round "-"]
[White "kalabric"]
[Black "Newcobos"]
[Result "0-1"]
[WhiteElo "1902"]
[BlackElo "2274"]

1. e4 c5 2. Nc3 g6 3. Bc4 Bg7 4. Nf3 Nc6 5. O-O Nf6 6. d3 O-O 7. Be3 d6 8. h3 a6
9. a4 Bd7 10. Bd5 Nxd5 11. Nxd5 e6 12. Nc3 Rc8 13. Qd2 Ne5 14. Bh6 Nxf3+ 15.
gxf3 Qh4 16. Bxg7 Kxg7 17. Kg2 f5 18. Rg1 f4 19. Rh1 e5 20. Rag1 Be6 21. Nd5
Bxd5 22. exd5 b6 23. Kf1 Rf5 24. Qe2 Rh5 25. d4 cxd4 26. Qxa6 Rxc2 27. Qe2 Rxe2
28. Kxe2 Qd8 29. Rc1 Qa8 30. Rc6 Qxa4 31. Rxd6 Qc4+ 32. Kd1 d3 33. Rc6 Qxd5 34.
Rxb6 Qc5 35. Rb7+ Kf6 36. Rb6+ Qxb6 37. Kd2 Qxf2+ 38. Kxd3 Qxf3+ 39. Kc4 Qxh1
40. b4 Qc6+ 41. Kb3 Rxh3+ 42. Ka2 Qc2+ 43. Ka1 Rh1# 0-1

[Event "VII Copa XEA"]
[Site "http://www.queenalice.com/game.php?id=1386771"]
[Date "2015.10.2"]
[Round "1"]
[White "kalabric"]
[Black "Newcobos"]
[Result "0-1"]
[WhiteElo "1900"]
[BlackElo "2282"]

1. e4 c5 2. c4 d6 3. Nc3 Nc6 4. Nf3 Nf6 5. d4 cxd4 6. Nxd4 g6 7. Bg5 Bg7 8. Nxc6
bxc6 9. Qa4 Bd7 10. Bd3 Qb6 11. Qc2 Rb8 12. Na4 Qb7 13. O-O O-O 14. Rae1 c5 15.
b3 Bxa4 16. bxa4 h6 17. Bf4 Ng4 18. h3 Ne5 19. Bxe5 Bxe5 20. Rb1 Qd7 21. Rb5 a6
22. Ra5 Rb2 23. Qc1 Qb7 24. Qxh6 Qb6 25. Rb5 axb5 26. axb5 Rxa2 27. Qc1 Qa5 28.
f4 Bd4+ 29. Kh1 Qd2 30. Qxd2 Rxd2 31. Rf3 Ra8 32. f5 Ra1+ 33. Rf1 Rxd3 34. Rxa1
Bxa1 35. h4 Rd4 36. b6 Rxc4 37. b7 Rb4 38. fxg6 Be5 39. Kg1 Rxb7 40. gxf7+ Kxf7
41. Kf2 Rb3 42. g4 c4 43. Ke2 Rb2+ 44. Kd1 c3 45. Kc1 Bf4+ 46. Kd1 c2+ 47. Ke2
c1=Q+ 48. Kf3 Qe3# 0-1